[Event "XII C.to Europeo femminile"]
[Site "Tbilisi GEO"]
[Date "2011.05.10"]
[Round "4"]
[White "Kosintseva, Tatiana"]
[Black "Zimina, Olga"]
[Result "1/2-1/2"]
[WhiteElo "2559"]
[BlackElo "2346"]
[PlyCount "133"]
[EventDate "2011.05.07"]

1. e4 e5 2. Nf3 Nc6 3. Bb5 Nf6 4. d3 Bc5 5. O-O Nd4 6. Nxd4 Bxd4 7. Nd2 c6 8.
Ba4 d6 9. Bb3 O-O 10. c3 Bb6 11. Nc4 Bc7 12. Bg5 h6 13. Bh4 Re8 14. Ne3 a5 15.
f3 Bb6 16. Re1 Be6 17. Bxe6 Rxe6 18. d4 exd4 19. cxd4 Qb8 20. Kh1 Bd8 21. Nf5
Nh5 22. Bf2 Qc8 23. d5 cxd5 24. Qxd5 Nf6 25. Qd3 Ra6 26. Rac1 Qd7 27. e5 Ne8
28. Rcd1 a4 29. exd6 Rxe1+ 30. Bxe1 Bf6 31. Bg3 Ra5 32. Ne3 Bxb2 33. Nc4 Rb5
34. Rb1 a3 35. Nxa3 Rc5 36. Nc4 Bf6 37. h3 Bd8 38. Rd1 Nf6 39. Ne3 b5 40. Qb3
Kh7 41. Be1 Kg8 42. Bb4 Rh5 43. Nd5 Rh4 44. Nxf6+ Bxf6 45. Bc5 Be5 46. Kg1 Rc4
47. Qe3 Bf6 48. Re1 Kh7 49. Qd3+ Kg8 50. Bf2 Ra4 51. Qd5 Ra6 52. Bg3 Ra4 53.
Rb1 Qa7+ 54. Kh2 Rd4 55. Qb3 Rd2 56. a3 Qc5 57. Re1 h5 58. Re8+ Kh7 59. Qxf7 h4
60. Bf4 Rd1 61. Re3 Bd4 62. Qe7 Bxe3 63. Qe4+ Kg8 64. Qe8+ Kh7 65. Qe4+ Kg8 66.
Qe8+ Kh7 67. Qe4+ 1/2-1/2

[Event "XII C.to Europeo femminile"]
[Site "Tbilisi GEO"]
[Date "2011.05.10"]
[Round "4"]
[White "Tereladze, Sopiko"]
[Black "Sedina, Elena"]
[Result "1/2-1/2"]
[WhiteElo "2177"]
[BlackElo "2351"]
[PlyCount "83"]
[EventDate "2011.05.07"]

1. Nf3 d5 2. d4 Nf6 3. e3 c6 4. Bd3 Bg4 5. b3 e6 6. Bb2 Bd6 7. Nbd2 O-O 8. O-O
Nbd7 9. c4 Qe7 10. Qc2 Bh5 11. Ne5 Bg6 12. Nxg6 hxg6 13. c5 Bc7 14. f4 Ng4 15.
Rf3 f5 16. h3 Ngf6 17. Rg3 Nh5 18. Rxg6 Qf7 19. Rg5 Bd8 20. h4 Bxg5 21. hxg5
Ng3 22. Kf2 Ne4+ 23. Nxe4 fxe4 24. Be2 Qe7 25. Kg3 g6 26. Bg4 Rf7 27. a4 Rh7
28. a5 a6 29. Bh3 Nf8 30. Qe2 Rc8 31. Qg4 Rc7 32. b4 Qe8 33. Bc3 Rh5 34. Rf1
Rch7 35. Be1 Qf7 36. Kh2 Qf5 37. Qxf5 exf5 38. Bc3 Ne6 39. Bd2 Nc7 40. Kg3 Kf7
41. Bc1 Ke6 42. Re1 1/2-1/2

[Event "XII C.to Europeo femminile"]
[Site "Tbilisi GEO"]
[Date "2011.05.11"]
[Round "5"]
[White "Sedina, Elena"]
[Black "Khmiadashvili, Tamar"]
[Result "1-0"]
[WhiteElo "2351"]
[BlackElo "2204"]
[PlyCount "43"]
[EventDate "2011.05.07"]

1. e4 d6 2. d4 c6 3. Nc3 g6 4. f4 d5 5. Nf3 dxe4 6. Nxe4 Nf6 7. Nxf6+ exf6 8.
Bd3 Bd6 9. O-O O-O 10. f5 Qc7 11. Qe1 Bf4 12. Qh4 Bxc1 13. Raxc1 Kg7 14. Rce1
c5 15. fxg6 hxg6 16. Ne5 Qd6 17. dxc5 Qxc5+ 18. Kh1 Qd6 19. Nxf7 Rxf7 20. Bxg6
Kxg6 21. Rf3 Re7 22. Rg3+ 1-0

[Event "XII C.to Europeo femminile"]
[Site "Tbilisi GEO"]
[Date "2011.05.12"]
[Round "6"]
[White "Isgandarova, Khayala Ilqar Qizi"]
[Black "Sedina, Elena"]
[Result "0-1"]
[WhiteElo "2143"]
[BlackElo "2351"]
[PlyCount "142"]
[EventDate "2011.05.07"]

1. e4 Nf6 2. e5 Nd5 3. d4 d6 4. c4 Nb6 5. exd6 cxd6 6. Nc3 g6 7. Be3 Bg7 8. Nf3
O-O 9. Qd2 Bg4 10. Rd1 Nc6 11. b3 e5 12. Ne2 Bxf3 13. gxf3 exd4 14. Nxd4 Nxd4
15. Bxd4 Bxd4 16. Qxd4 Re8+ 17. Kd2 d5 18. c5 Nd7 19. Kc2 Nxc5 20. Kb1 Qb6 21.
h4 h5 22. Rg1 Rad8 23. Rg5 Re7 24. Bh3 Ne6 25. Qxb6 axb6 26. Bxe6 Rxe6 27.
Rgxd5 Rxd5 28. Rxd5 Re1+ 29. Kc2 Rh1 30. Rd4 Rh2 31. Kd3 Rxf2 32. Ke3 Rxa2 33.
Rb4 Rh2 34. Rxb6 Rxh4 35. Rxb7 Rh2 36. f4 Rb2 37. Kf3 Kg7 38. Rb6 Kh6 39. Kg3
Rb1 40. Rb7 Kg7 41. Kg2 Kf6 42. Kf2 Ke6 43. Kg2 f6 44. Kg3 Rd1 45. Rb4 Rd5 46.
Kg2 Kf5 47. Rb6 Rd3 48. Kf2 h4 49. Rb4 Kg4 50. f5+ Kxf5 51. Rxh4 Rxb3 52. Ra4
Kg5 53. Ra5+ f5 54. Ra6 Kh5 55. Rf6 Rb5 56. Kf3 g5 57. Ra6 Rb3+ 58. Kf2 Kg4 59.
Ra2 f4 60. Kg2 Kh4 61. Ra4 Re3 62. Rb4 Kg4 63. Kf2 Ra3 64. Rb2 Rh3 65. Kg2 f3+
66. Kg1 Rh8 67. Ra2 Kf4 68. Rb2 g4 69. Ra2 Re8 70. Kf1 g3 71. Ra7 g2+ 0-1

[Event "XII C.to Europeo femminile"]
[Site "Tbilisi GEO"]
[Date "2011.05.13"]
[Round "7"]
[White "Sedina, Elena"]
[Black "Khurtsidze, Nino"]
[Result "0-1"]
[WhiteElo "2351"]
[BlackElo "2436"]
[PlyCount "146"]
[EventDate "2011.05.07"]

1. e4 c5 2. Nf3 e6 3. c3 Nf6 4. e5 Nd5 5. d4 cxd4 6. cxd4 d6 7. Bc4 Nb6 8. Bd3
Nc6 9. exd6 Bxd6 10. Nc3 Ne7 11. O-O Bd7 12. Re1 Nbd5 13. Ne5 Bxe5 14. dxe5
Nxc3 15. bxc3 Bc6 16. Ba3 Ng6 17. Bf1 Qg5 18. Qc1 h6 19. Bc5 b6 20. Bd6 Nh4 21.
Qxg5 hxg5 22. a4 Nf5 23. Red1 Kd7 24. Bb4+ Kc7 25. a5 Rh4 26. axb6+ axb6 27.
Rxa8 Bxa8 28. g3 Rh8 29. Be2 Bc6 30. Ra1 Rd8 31. Rd1 Ra8 32. Bg4 Nh6 33. Be2
Ra2 34. Re1 Rc2 35. Bd3 Rd2 36. Be2 Nf5 37. Bg4 Ra2 38. Kf1 Bb5+ 39. Kg2 Nh6
40. Bf3 g4 41. Be4 f5 42. exf6 gxf6 43. c4 Bd7 44. c5 b5 45. Kf1 e5 46. Bd5 Ra4
47. Bd2 Nf5 48. Bb3 Ra3 49. Bd1 Nd4 50. Bb4 Ra2 51. Bc3 Kc6 52. f4 Nf3 53. Re3
Nxh2+ 54. Ke1 exf4 55. gxf4 f5 56. Be2 Ra4 57. Be5 Re4 58. Rxe4 fxe4 59. f5
Nf3+ 60. Bxf3 gxf3 61. f6 Be6 62. Bd4 Kd5 63. Be3 Ke5 64. Kd2 Kxf6 65. Kc3 Ke5
66. Kb4 Bd7 67. Ka5 Kd5 68. Kb4 Bc6 69. Kc3 Ke5 70. Kb4 Kf5 71. Ka5 Be8 72. Kb6
b4 73. Kc7 b3 0-1

[Event "XII C.to Europeo femminile"]
[Site "Tbilisi GEO"]
[Date "2011.05.13"]
[Round "7"]
[White "Tsatsalashvili, Keti"]
[Black "Zimina, Olga"]
[Result "1-0"]
[WhiteElo "2280"]
[BlackElo "2346"]
[PlyCount "67"]
[EventDate "2011.05.07"]

1. d4 d5 2. c4 e6 3. Nf3 c6 4. e3 Nf6 5. Bd3 dxc4 6. Bxc4 Nbd7 7. O-O Bd6 8.
Qe2 O-O 9. Rd1 Qe7 10. e4 e5 11. d5 Nc5 12. dxc6 Ncxe4 13. Ng5 Bg4 14. f3 Bc5+
15. Kf1 Nxg5 16. Bxg5 h6 17. Bh4 Bh5 18. cxb7 Rad8 19. Nc3 g5 20. Bg3 Qxb7 21.
Rxd8 Rxd8 22. Bxe5 Re8 23. Ba6 Qb4 24. Rd1 Qh4 25. Bxf6 Rxe2 26. Rd8+ Bf8 27.
Bxe2 Qxh2 28. Nd5 Qh1+ 29. Kf2 Qh4+ 30. Ke3 Qh2 31. Bc3 Qg1+ 32. Kd2 Qc5 33.
Nf6+ Kg7 34. Ne4+ 1-0

[Event "XII C.to Europeo femminile"]
[Site "Tbilisi GEO"]
[Date "2011.05.15"]
[Round "8"]
[White "Kharatyan, Anahit"]
[Black "Zimina, Olga"]
[Result "0-1"]
[WhiteElo "2064"]
[BlackElo "2346"]
[PlyCount "66"]
[EventDate "2011.05.07"]

1. e4 e5 2. Nf3 Nc6 3. d4 exd4 4. Nxd4 Bc5 5. Nxc6 Qf6 6. Qf3 bxc6 7. Nd2 d6 8.
Nb3 Bb6 9. a4 a5 10. Bd2 Qxf3 11. gxf3 Ne7 12. Be3 O-O 13. O-O-O Bxe3+ 14. fxe3
f5 15. e5 dxe5 16. Bc4+ Kh8 17. f4 Nd5 18. fxe5 Nxe3 19. Rd4 Nxc4 20. Rxc4 f4
21. Nc5 Bh3 22. Nd3 f3 23. Nf2 Bd7 24. Rd1 Rf7 25. Re1 Kg8 26. Kd2 Rf5 27. e6
Be8 28. Nd3 Rd8 29. Ke3 Rd6 30. Re4 c5 31. e7 Rh6 32. Rh1 Rd6 33. Rf1 Rd4 0-1

[Event "XII C.to Europeo femminile"]
[Site "Tbilisi GEO"]
[Date "2011.05.16"]
[Round "9"]
[White "Ibrahimova, Sabina Oqtay Qizi"]
[Black "Sedina, Elena"]
[Result "1/2-1/2"]
[WhiteElo "2078"]
[BlackElo "2351"]
[PlyCount "82"]
[EventDate "2011.05.07"]

1. d4 d5 2. c4 c6 3. e3 Nf6 4. Nf3 g6 5. Bd3 Bg7 6. O-O O-O 7. Nbd2 Nbd7 8. Qc2
c5 9. cxd5 Nxd5 10. a3 b6 11. Nb3 cxd4 12. e4 Nc7 13. Nfxd4 Nc5 14. Nxc5 bxc5
15. Ne2 Ne6 16. Rb1 Bb7 17. Rd1 Qc8 18. Be3 Nd4 19. Qc4 a5 20. Nxd4 cxd4 21.
Bxd4 Qxc4 22. Bxc4 Bxe4 23. Bxg7 Kxg7 24. Rbc1 Rac8 25. b3 Kf6 26. f3 Ba8 27.
Kf2 Rc7 28. Ba6 Ra7 29. Be2 Rb8 30. Rc3 e6 31. Rb1 Rd7 32. Ke3 Rdb7 33. Bd1 Rb5
34. Be2 Rh5 35. h3 Rg5 36. Kf2 Rd5 37. Ke3 Re5+ 38. Kf2 Rd8 39. Rb2 Red5 40.
Ke3 g5 41. b4 axb4 1/2-1/2

[Event "XII C.to Europeo femminile"]
[Site "Tbilisi GEO"]
[Date "2011.05.16"]
[Round "9"]
[White "Zimina, Olga"]
[Black "Khazhomia, Salome"]
[Result "1-0"]
[WhiteElo "2346"]
[BlackElo "2152"]
[PlyCount "79"]
[EventDate "2011.05.07"]

1. e4 e6 2. d4 d5 3. Nd2 Nf6 4. e5 Nfd7 5. Bd3 c5 6. c3 Nc6 7. Ne2 Qb6 8. Nf3
cxd4 9. cxd4 f6 10. exf6 Nxf6 11. O-O Bd6 12. b3 O-O 13. Bf4 Bxf4 14. Nxf4 g6
15. Bc2 Qc7 16. g3 Ng4 17. Qd2 Qg7 18. h3 Nh6 19. Rfe1 Nf5 20. Rad1 Bd7 21. h4
Rae8 22. Kg2 Rf6 23. Re2 Ref8 24. Bb1 Bc8 25. Rde1 R6f7 26. Bxf5 Rxf5 27. Ne5
g5 28. Nh5 Qh6 29. g4 Nxe5 30. dxe5 Rf4 31. Nxf4 gxf4 32. Kh3 b6 33. Qd3 f3 34.
Rc2 Qg7 35. Qe3 h6 36. Rec1 Ba6 37. Rc7 Qg6 38. Rxa7 Bd3 39. Rcc7 h5 40. Rg7+
1-0

[Event "XII C.to Europeo femminile"]
[Site "Tbilisi GEO"]
[Date "2011.05.17"]
[Round "10"]
[White "Ushenina, Anna"]
[Black "Zimina, Olga"]
[Result "1-0"]
[WhiteElo "2468"]
[BlackElo "2346"]
[PlyCount "77"]
[EventDate "2011.05.07"]

1. d4 d5 2. c4 e6 3. Nf3 c6 4. e3 Nf6 5. Bd3 dxc4 6. Bxc4 Nbd7 7. O-O Bd6 8.
Nc3 O-O 9. Qc2 a6 10. a3 b5 11. Bd3 Bb7 12. b4 a5 13. Rb1 axb4 14. axb4 Qe7 15.
e4 e5 16. Ne2 Rfe8 17. Ng3 exd4 18. Nxd4 Ne5 19. Ndf5 Qe6 20. Nxd6 Qxd6 21. Be2
Ng6 22. Rd1 Qe6 23. f3 h5 24. Nf5 Rad8 25. Be3 Ne5 26. Bc5 Rxd1+ 27. Rxd1 Ra8
28. Bf1 Ra2 29. Qc1 Ra8 30. Qg5 Ng6 31. Rd6 Qe5 32. Bd4 Qf4 33. Bxf6 gxf6 34.
Qxf6 Qe5 35. Nh6+ Kh7 36. Qxf7+ Qg7 37. Qxg7+ Kxg7 38. Nf5+ Kf7 39. Rd7+ 1-0

[Event "XII C.to Europeo femminile"]
[Site "Tbilisi GEO"]
[Date "2011.05.17"]
[Round "10"]
[White "Sedina, Elena"]
[Black "Yildiz, Betul Cemre"]
[Result "0-1"]
[WhiteElo "2351"]
[BlackElo "2219"]
[PlyCount "70"]
[EventDate "2011.05.07"]

1. e4 e5 2. Nc3 Nf6 3. g3 d5 4. exd5 Nxd5 5. Bg2 Nxc3 6. bxc3 Bd6 7. Nf3 O-O 8.
O-O c5 9. d3 Nc6 10. Nd2 Be6 11. Ne4 Qe7 12. f4 exf4 13. Nxd6 Qxd6 14. Bxf4 Qd7
15. Qh5 b6 16. a4 Rad8 17. Rae1 Ne7 18. h3 Qxa4 19. Bg5 Qd7 20. Be4 h6 21. Bxh6
f5 22. Qg5 Rf7 23. Bf3 Kh7 24. Qe3 gxh6 25. Qxe6 Qxe6 26. Rxe6 Nd5 27. Be4 Ne3
28. Rf2 Rdd7 29. Bc6 Rde7 30. Rxe7 Rxe7 31. d4 Kg7 32. Re2 Kf6 33. Bf3 Nd5 34.
Rf2 Nxc3 35. d5 Rd7 0-1